Quality management systems ...statistical interpretation of data (Record no. 87130)

MARC details
000 -LEADER
fixed length control field 00630cam a2200229 4500
008 - FIXED-LENGTH DATA ELEMENTS--GENERAL INFORMATION
fixed length control field 090401t1985 xxu||||| |||| 00| 0 eng d
020 ## - INTERNATIONAL STANDARD BOOK NUMBER
International Standard Book Number 0580150712
035 ## - SYSTEM CONTROL NUMBER
System control number (Sirsi) u13673
041 ## - LANGUAGE CODE
Language code of text/sound track or separate title eng
050 ## - LIBRARY OF CONGRESS CALL NUMBER
Classification number 658.562
110 ## - MAIN ENTRY--CORPORATE NAME
Corporate name or jurisdiction name as entry element British Standards Institution
9 (RLIN) 130
245 ## - TITLE STATEMENT
Title Quality management systems ...statistical interpretation of data
260 ## - PUBLICATION, DISTRIBUTION, ETC.
Place of publication, distribution, etc. London
Name of publisher, distributor, etc. British Standards Institution
Date of publication, distribution, etc. 1985
300 ## - PHYSICAL DESCRIPTION
Extent viii,317p. ; 30cm.
350 ## - PRICE (NR) (BK AM CF MU VM SE) [OBSOLETE]
Price 120
490 ## - SERIES STATEMENT
Series statement BSI Handbook
Volume/sequential designation 25
650 ## - SUBJECT ADDED ENTRY--TOPICAL TERM
Topical term or geographic name entry element BRITISH STANDARDS
650 ## - SUBJECT ADDED ENTRY--TOPICAL TERM
Topical term or geographic name entry element QUALITY ASSURANCE
650 ## - SUBJECT ADDED ENTRY--TOPICAL TERM
Topical term or geographic name entry element STATISTICS
942 ## - ADDED ENTRY ELEMENTS (KOHA)
Suppress in OPAC 0
948 ## - LOCAL PROCESSING INFORMATION (OCLC); SERIES PART DESIGNATOR (RLIN)
c (OCLC) 04/03/1997
Holdings
Withdrawn status Lost status Source of classification or shelving scheme Damaged status Not for loan Home library Current library Shelving location Date acquired Cost, normal purchase price Total Checkouts Full call number Barcode Date last seen Copy number Cost, replacement price Price effective from Koha item type
    Dewey Decimal Classification     London London Folio 14/09/1999 120.00   F658.562 30017759 06/08/2019 1 120.00 06/08/2019 Reference material